Integrted disease management of white root disease on Hevea rubber in Indonesia by using Trichoderma based biofungicide Triko combi (Record no. 61485)

MARC details
000 -LEADER
fixed length control field 00556nam a2200121Ia 4500
100 ## - MAIN ENTRY--AUTHOR NAME
Personal name Setyawan B
245 #0 - TITLE STATEMENT
Title Integrted disease management of white root disease on Hevea rubber in Indonesia by using Trichoderma based biofungicide Triko combi
260 ## - PUBLICATION, DISTRIBUTION, ETC. (IMPRINT)
Name of publisher IRC 2012. International Rubber Conference, 28-31 October 2012, Kovalam, India, Rubber Research Institute of India, Kottayam and IRRDB, Malaysia: Abstracts. pp.166-167.
650 ## - SUBJECT ADDED ENTRY--TOPICAL TERM
Topical Term Biofungicde
650 ## - SUBJECT ADDED ENTRY--TOPICAL TERM
Topical Term White root disease
942 ## - ADDED ENTRY ELEMENTS (KOHA)
Koha item type Journals
Holdings
Withdrawn status Lost status Damaged status Not for loan Home library Current library Shelving location Date acquired Koha item type
      Journals RRII Library RRII Library Crop management 07/05/2013 Journals